Compendio individual, breve instrucción... para que el inteligente computista perciba con más cuidado...el contenido de los tratados

Detalles Bibliográficos
Autor principal: JESUS MARIA Y HUALDE, Miguel de (Fray)
Formato: Libro
Publicado: Madrid 1766
Materias:
Colección:Banco de datos
Acervo:Biblioteca Nacional de Antropología e Historia. Fondo Conventual
Tema general:Misceláneas
Notas:Regular. Encuadernado con nueve obras diferentes. El compendio se refiere a los tratados escritos por Jesús María y Hualde. XVIII,9,32.
LEADER 00854nam a22001930004500
035 |a 7814 
036 |a 2419 
100 1 |a JESUS MARIA Y HUALDE, Miguel de (Fray) 
245 1 0 |a Compendio individual, breve instrucción... para que el inteligente computista perciba con más cuidado...el contenido de los tratados 
260 |a Madrid  |b Juan Lozano  |c 1766 
500 |a Regular. Encuadernado con nueve obras diferentes. El compendio se refiere a los tratados escritos por Jesús María y Hualde. XVIII,9,32. 
650 1 0 |a Misceláneas 
949 |a B.N.A.H. 
959 |a Biblioteca Nacional de Antropología e Historia. Ciudad de México  |b CCC1 
960 |a Seminario de Morelia  |b DD56 
961 |a Casa de formación del Clero Secular  |b CS 
942 |c B.N.A.H. 
943 |g Biblioteca Nacional de Antropología e Historia. Fondo Conventual 
999 |c 1032346  |d 1032346